Statistics for Countries Black Widow has visited

Click here to take the quiz!

General Stats

  • This quiz has been taken 163 times
    (122 since last reset)
  • The average score is 6 of 13

Answer Stats

ContinentCountry% Correct
North AmericaUnited States of America
85%
Asia/ EuropeRussia
81%
EuropeGermany
65%
EuropeUnited Kingdom
58%
AfricaWakanda
45%
EuropeHungary
44%
AsiaJapan
44%
AsiaIndia
36%
EuropeSokovia
36%
AfricaSouth Africa
28%
EuropeAustria
20%
AsiaSouth Korea
19%
AfricaNigeria
15%

Score Distribution

Percentile by Number Answered

Percent of People with Each Score

Your Score History

You have not taken this quiz since the last reset